000
00314nam a22001457a 4500
020
_a
978-93-86531-33-9
082
_a
894.812.3
_b
SUR/A
100
_a
SURENDRAN, P
245
_a
AMMA VEEDU
260
_a
THRISSUR
_b
H & C PUBLISHING HOUSE
_c
2017
300
_a
152
520
_a
NOVEL
650
_a
NOVEL
942
_c
BK
999
_c
5166
_d
5166